| 000 | 01302cam a2200277 4500 | ||
|---|---|---|---|
| 001 | WB3643-10 | ||
| 008 | 000000n2000 000 0 eng u | ||
| 035 | _a(Sirsi) u109033 | ||
| 245 | _aTougher trading conditions in sight | ||
| 260 | _c2000 | ||
| 490 |
_aYorkshire Post _v26 October 2000, 20(1) |
||
| 520 | _aAccording to the latest review of the economy and property markets by the RICS, tenant demand for commercial property looks set to slow. Although there have been large rental increases in London and the South East, this is likely to be an upward correction for those retailers who have paid below-market rents after benefiting from the rental deflation of the early Nineties and the outlook for rental growth is a further slowing down into 2001. | ||
| 590 | _aWB | ||
| 600 | _aFORECASTS | ||
| 650 | _aDEMAND | ||
| 650 | _aPROPERTY-COMMERCIAL PROPERTY-RETAIL PROPERTY-RETAIL PROPERTY MARKET | ||
| 650 | _aPROPERTY-COMMERCIAL PROPERTY-OFFICE PROPERTY-OFFICE PROPERTY MARKET | ||
| 650 | _aINDUSTRIAL MARKET | ||
| 650 | _aRENTAL GROWTH | ||
| 650 | _aCHARTERED INSTITUTE OF PURCHASING AND SUPPLY | ||
| 650 | _aINSIGNIA RICHARD ELLIS | ||
| 650 | _aMERRILL LYNCH | ||
| 650 | _aKNIGHT FRANK | ||
| 690 | _aPROPERTY-COMMERCIAL PROPERTY-COMMERCIAL PROPERTY MARKET | ||
| 942 | _n0 | ||
| 999 |
_c65118 _d65118 |
||